Central Library and Information Centre
Sibsagar Girls' College, Sivasagar : Assam

ASOMIYA SAHITYAR RUPREKHA (Record no. 7845)

MARC details
000 -LEADER
fixed length control field 00403cam a2200169ua 4500
008 - FIXED-LENGTH DATA ELEMENTS--GENERAL INFORMATION
fixed length control field 110914n II |||gr||||Z||||||asm
040 ## - CATALOGING SOURCE
Original cataloging agency MAIN
041 ## - LANGUAGE CODE
-- English
082 ## - DEWEY DECIMAL CLASSIFICATION NUMBER
Classification number 891.451 NEO
100 ## - MAIN ENTRY--PERSONAL NAME
Personal name NEOG , MAHESWAR .
245 ## - TITLE STATEMENT
Title ASOMIYA SAHITYAR RUPREKHA
260 ## - PUBLICATION, DISTRIBUTION, ETC.
Place of publication, distribution, etc. GUWAHATI
Name of publisher, distributor, etc. CHANDRA PRAKASH
Date of publication, distribution, etc. 1983.
300 ## - PHYSICAL DESCRIPTION
Extent 406.:
Dimensions 21CM.
942 ## - ADDED ENTRY ELEMENTS (KOHA)
Koha item type Books
653 ## - INDEX TERM--UNCONTROLLED
Uncontrolled term ASSAMESE LITERATURE
Holdings
Withdrawn status Lost status Damaged status Not for loan Collection code Home library Current library Shelving location Date acquired Full call number Barcode Date last seen Copy number Price effective from Koha item type Public note
        TBASM Central Library and Information Centre Sibsagar Girls College Central Library and Information Centre Sibsagar Girls College ASSAMESE BOOK RACK 19.08.1980 891.451 NEO 06979 27.02.2020 1 27.02.2020 Books v


Sibsagar Girl's College © 2020. All rights reserved.
Powered by Koha.
Maintained by Abhijit Borpuzari.